| 000 | 00655nam a2200229 i 4500 | ||
|---|---|---|---|
| 001 | bg | ||
| 003 | BPK | ||
| 005 | 20191016131654.0 | ||
| 008 | s1990 uk f |000 0 eng d | ||
| 020 | _a9780582017207 | ||
| 040 | _cBPK | ||
| 080 | _a37.016:811.111 | ||
| 080 | _a(07) | ||
| 100 | 1 |
_aO'Neill, Robert _eAutor |
|
| 245 | 0 |
_aThird dimension : _bteacher's guide / _cR. O'Neill, P. Mugglestone. |
|
| 260 |
_aHarlow : _bLongman ; _c1990. |
||
| 300 |
_a96 s. ; _c25 cm. |
||
| 650 | 4 |
_aJęzyk angielski _xnauczanie _xpoziom średnio zaawansowany. |
|
| 655 | 4 | _aPodręcznik | |
| 700 | 1 | _aMugglestone, Patricia. | |
| 942 |
_cKS _2UKD |
||
| 999 |
_c4217 _d4217 |
||